000 00615nam a2200241Ia 4500
001 27394
005 20240114001003.0
007 ta
008 060524s1930 a g b000 u 465 u
040 _aCotton College,Assam
041 _a465
082 _a151
_bAa 75 N
100 _aAaron, R.I. .
245 0 _aThe Nature of Knowing /
_cR.I.Aaron.
_hTextual Documents
250 _a1st ed. /
260 _aLondon :
_bWilliams & Norgate ,
_c1930.
300 _a149p. :
_bill ;
_c22cm .
653 _aPhilosophy
653 _aG-Philosophy
942 _2ddc
_cBK
999 _c27376
_d27376